Matematika 2

Guardado en:
Detalles Bibliográficos
Autor principal: Benko, Eduard
Autor Corporativo: Vysoká škola ekonomická v Bratislave. Fakulta riadenia
Otros Autores: Huťka, Vladimír, Mojžišová, Elena
Formato: Libro
Lenguaje:eslovaco
Publicado: Bratislava Vysoká škola ekonomická 1983
Etiquetas: Agregar Etiqueta
Sin Etiquetas, Sea el primero en etiquetar este registro!

MARC

LEADER 00000nam a2200000 4500
001 c129082
005 20230116104632.7
041 0 |a slo 
044 |a SK 
245 1 0 |a Matematika 2  |c Eduard Benko, Vladimír Huťka, Elena Mojžišová 
264 1 |a Bratislava  |b Vysoká škola ekonomická  |c 1983 
300 |a 347 s. 
100 1 |a Benko, Eduard 
700 1 |a Huťka, Vladimír 
700 1 |a Mojžišová, Elena 
710 2 |a Vysoká škola ekonomická v Bratislave. Fakulta riadenia